Teams By City or State (NFL, NBA, NCAA) - Statistics

General Stats
  • This quiz has been taken 6,942 times
  • The average score is 12 of 15
Answer Stats
Team City/State % Correct
Broncos Denver
97%
Packers Green Bay
97%
Clippers Los Angeles
97%
Bulls Chicago
96%
Dolphins Miami
93%
Jazz Utah
90%
Bills Buffalo
89%
Pistons Detroit
89%
Spurs San Antonio
89%
Vikings Minnesota
86%
Titans Tennessee
81%
Tar Heels North Carolina
77%
Cornhuskers Nebraska
70%
Golden Bears California
59%
Broncos Boise
35%
No matching quizzes found
Score Distribution
Percent of People with Each Score
Percentile by Number Answered
Your Score History
You have not taken this quiz